• 首页
  • 本馆介绍
  • 公告通知
  • 最新文献
  • 馆藏检索
  • 电子资源
  • 读者导购
  • 参考咨询
  • 我的图书馆
  • 登录
  • 详细信息显示
  • 放入我的书架
  • 预约/预借图书
  • 作者相关作品
  • 分类相关作品
  • 丛书相关作品
  • 出版社相关作品

书目信息

  • 表格格式
  • 工作单格式
  • 卡片格式
题名:
如何帮助孩子突破学习障碍
    
 
作者: 池韵声 著
分册:  
出版信息: 北京   机械工业出版社  2011.08
页数: 165页
开本: 21cm
丛书名: 亲子教育系列
单 册:
中图分类: G78 , G791
科图分类:
主题词: 学习方法--家庭教育 , 学习方法 , 家庭教育
电子资源:
ISBN: 978-7-111-35273-0
000 01138oam2 2200325 450
001 010010082962
005 20120321102307.40
010    @a978-7-111-35273-0@dCNY24.80
100    @a20110829d2011 em y0chiy50 ea
101 0  @achi
102    @aCN@b110000
105    @ay z 000yy
106    @ar
200 1  @a如何帮助孩子突破学习障碍@9ru he bang zhu hai zi tu po xue xi zhang ai@f池韵声著
210    @a北京@c机械工业出版社@d2011.08
215    @a165页@d21cm
225 2  @a亲子教育系列
305    @a由台湾台视文化事业股份有限公司授权
312    @a封面英文题名:Obstacle breakthrough
330    @a本书由脑力潜能开发专家以全脑开发的角度,探讨孩子在学习上可能面临的困扰,就其可能发生的原因、改善的方式以及更深入开发的方法,逐一详细解说,是现代父母在困扰于孩子学习问题时的一本参考书,也是增加孩子各种智能的最佳工具。
461  0 @12001 @a亲子教育系列
510 1  @aObstacle breakthrough@zeng
606 0  @a学习方法@x家庭教育
606 0  @a学习方法
606 0  @a家庭教育
690    @aG78@v4
690    @aG791@v4
701  0 @a池韵声@9chi yun sheng@4著
801  0 @aCN@bRENTIAN@c20110829
905    @b539160-61@dG78@e223@f2
    
    如何帮助孩子突破学习障碍/池韵声著.-北京:机械工业出版社,2011.08
    165页;21cm.-(亲子教育系列)
    
    
    ISBN 978-7-111-35273-0:CNY24.80
    本书由脑力潜能开发专家以全脑开发的角度,探讨孩子在学习上可能面临的困扰,就其可能发生的原因、改善的方式以及更深入开发的方法,逐一详细解说,是现代父母在困扰于孩子学习问题时的一本参考书,也是增加孩子各种智能的最佳工具。
●
相关链接 在E读中查询图书 在五车中查询图书 在当当中查询图书 在豆瓣中查询图书


正题名:如何帮助孩子突破学习障碍     索取号:G78/223         预约/预借

序号 登录号 条形码 馆藏地/架位号 状态 备注
1 539160   205391609   第一样本阅览室/ [索取号:G78/223] 在馆    
2 539161   205391618   第四借阅区/ [索取号:G78/223] 在馆    
唐山师范学院图书馆 欢迎您!
大连网信软件有限公司© 版权所有